| 000 | 00548nam a2200205Ia 4500 | ||
|---|---|---|---|
| 005 | 20250508150229.0 | ||
| 008 | 008 250505s9999 xx 000 0 eng d | ||
| 037 | _aTextual | ||
| 040 |
_aFEDL _beng _cFEDL |
||
| 041 |
_aeng _2eng |
||
| 084 |
_a740, GOL _qFEDL |
||
| 100 | _aGoldstein Harriet | ||
| 245 | 0 | _aArt in every day life | |
| 250 | _a3 | ||
| 260 |
_aNew York, USA _bThe Macmillan Company _c1946 |
||
| 300 | _axxxvi,497p | ||
| 700 |
_a Gokdstein Vetta _9756190 |
||
| 942 |
_cTEXL _h740, GOL |
||
| 999 |
_c1322528 _d1322528 |
||